[Event "POR CupT qf  39th"]
[Site "Portugal"]
[Date "2017.07.01"]
[Round "4.4"]
[White "Pereira, Fernando Luis Melao"]
[Black "Vicente, Joao Vasco Reis"]
[Result "1/2-1/2"]
[WhiteElo "2097"]
[BlackElo "2101"]
[PlyCount "80"]
[EventDate "2017.03.11"]
[EventType "team-k.o."]
[EventRounds "6"]
[EventCountry "POR"]
[SourceTitle "EXT 2018"]
[Source "ChessBase"]
[SourceDate "2017.10.13"]
[SourceVersion "1"]
[SourceVersionDate "2017.10.13"]
[SourceQuality "1"]
[WhiteTeam "Portugal/Atlantidiagonal"]
[BlackTeam "Coimbra"]
[WhiteTeamCountry "POR"]
[BlackTeamCountry "POR"]

1. d4 Nf6 2. c4 g6 3. Nc3 Bg7 4. e4 d6 5. f3 0-0 6. Be3 e5 7. d5 Nh5 8. Qd2 f5 9. 0-0-0 f4 10. Bf2 Bf6 11. Nge2 Nd7 12. Kb1 a6 13. Nc1 Bh4 14. Bg1 Qe7 15. Bd3 b6 16. b4 a5 17. a3 axb4 18. axb4 Ndf6 19. N1e2 Bd7 20. Kb2 Rfb8 21. Nc1 Qd8 22. Nb3 Qc8 23. Bf2 Bxf2 24. Qxf2 Qa6 25. Ra1 Qb7 26. Rxa8 Rxa8 27. Ra1 Rxa1 28. Kxa1 Qa8+ 29. Qa2 Qxa2+ 30. Kxa2 g5 31. c5 bxc5 32. bxc5 g4 33. c6 Bc8 34. Nb5 Ba6 35. Kb2 Ng7 36. Kc3 Bxb5 37. Bxb5 Kf7 38. Nd2 Ke7 39. Kd3 h5 40. Ba6 Kd8 1/2-1/2

[Event "POR-chT"]
[Site "Porto"]
[Date "2016.08.14"]
[Round "1.16"]
[White "Pintor, Simao Maciel Abranc"]
[Black "Vicente, Joao Vasco Reis"]
[Result "1/2-1/2"]
[WhiteElo "2029"]
[BlackElo "2096"]
[PlyCount "108"]
[EventDate "2016.08.14"]
[EventType "team-tourn"]
[EventRounds "9"]
[EventCountry "POR"]
[SourceTitle "CBM 173 Extra"]
[Source "ChessBase"]
[SourceDate "2016.08.29"]
[SourceVersion "1"]
[SourceVersionDate "2016.08.29"]
[SourceQuality "1"]
[WhiteTeam "GX 113"]
[BlackTeam "Coimbra"]
[WhiteTeamCountry "POR"]
[BlackTeamCountry "POR"]

1. d4 Nf6 2. c4 g6 3. Nf3 Bg7 4. g3 0-0 5. Bg2 d6 6. 0-0 Nbd7 7. Qc2 e5 8. Rd1 Qe7 9. dxe5 dxe5 10. e4 Nc5 11. Nc3 c6 12. b4 Ne6 13. Rb1 Nd7 14. Be3 f5 15. exf5 gxf5 16. Nh4 f4 17. Be4 Ng5 18. Bc1 Nf6 19. Bf5 Nh5 20. Bxc8 Raxc8 21. Nf5 Qe6 22. g4 Nf3+ 23. Kh1 Nd4 24. Nxd4 exd4 25. Qe2 Rce8 26. Qxe6+ Rxe6 27. Na4 Nf6 28. Nc5 Re2 29. f3 b5 30. cxb5 cxb5 31. Rb2 Rfe8 32. Rxe2 Rxe2 33. Bxf4 Nd5 34. Bd2 Nc3 35. Bxc3 dxc3 36. Rd8+ Kf7 37. Rd7+ Re7 38. Rd5 c2 39. Nb3 Re1+ 40. Kg2 c1Q 41. Nxc1 Rxc1 42. Rd7+ Kg6 43. f4 Bc3 44. Rxa7 Rc2+ 45. Kh3 Bxb4 46. Rb7 Bd2 47. Rb6+ Kf7 48. Rxb5 Ke6 49. f5+ Kf6 50. Kg3 Rxa2 51. Rb6+ Kg7 52. Rb7+ Kh6 53. Rb6+ Kg7 54. Rb7+ Kh6 1/2-1/2

[Event "Famalicao op 4th"]
[Site "Famalicao"]
[Date "2016.08.04"]
[Round "6"]
[White "Vicente, Joao Vasco Reis"]
[Black "Fernandes, Joao Pedro Murtinho"]
[Result "1-0"]
[WhiteElo "2096"]
[BlackElo "1787"]
[PlyCount "79"]
[EventDate "2016.07.30"]
[EventType "swiss"]
[EventRounds "7"]
[EventCountry "POR"]
[SourceTitle "CBM 173 Extra"]
[Source "ChessBase"]
[SourceDate "2016.08.29"]
[SourceVersion "1"]
[SourceVersionDate "2016.08.29"]
[SourceQuality "1"]

1. c4 Nf6 2. Nf3 e6 3. e3 c5 4. d4 d5 5. cxd5 exd5 6. Bb5+ Nc6 7. 0-0 Bd6 8. Ne5 Qc7 9. f4 0-0 10. Nc3 cxd4 11. exd4 Nxd4 12. Kh1 Nxb5 13. Nxb5 Qb6 14. Nxd6 Qxd6 15. Be3 Ne4 16. Qb3 b6 17. Rad1 Bb7 18. Bd4 Rac8 19. Rfe1 Nc5 20. Qg3 Ne4 21. Qh4 Qd8 22. Qh5 Rc2 23. Kg1 Nf6 24. Qg5 Ne4 25. Qh5 Nf6 26. Qf5 Qc8 27. Qg5 h6 28. Qg3 Kh8 29. Qh4 Qf5 30. Re3 Qh5 31. Qe1 Rfc8 32. Rf3 Ba6 33. h3 Qf5 34. Nxf7+ Kh7 35. Nd6 Qg6 36. Rg3 Re2 37. Rxg6 Rxe1+ 38. Rxe1 Rc6 39. Rxf6 gxf6 40. Re6 1-0

[Event "POR-chT"]
[Site "Porto"]
[Date "2015.08.18"]
[Round "4.4"]
[White "Guerreiro, Nuno M"]
[Black "Vicente, Joao Vasco Reis"]
[Result "0-1"]
[WhiteElo "2106"]
[BlackElo "2102"]
[PlyCount "50"]
[EventDate "2015.08.16"]
[EventType "team-tourn"]
[EventRounds "9"]
[EventCountry "POR"]
[SourceTitle "EXT 2016"]
[Source "ChessBase"]
[SourceDate "2015.10.08"]
[SourceVersion "1"]
[SourceVersionDate "2015.10.08"]
[SourceQuality "1"]
[WhiteTeam "Mata de Benfica"]
[BlackTeam "Coimbra"]
[WhiteTeamCountry "POR"]
[BlackTeamCountry "POR"]

1. e4 c5 2. Nf3 Nc6 3. Bb5 g6 4. Bxc6 bxc6 5. 0-0 Bg7 6. Re1 Nh6 7. d3 0-0 8. h3 d6 9. Na3 f6 10. Bd2 Nf7 11. Bc3 e5 12. b4 cxb4 13. Bxb4 c5 14. Bc3 f5 15. Nc4 f4 16. Rb1 h5 17. Rb3 Ng5 18. Kf1 Nxf3 19. Qxf3 Qh4 20. Reb1 Bg4 21. hxg4 hxg4 22. Qd1 f3 23. gxf3 gxf3 24. Ke1 Bh6 25. Nd2 Be3 0-1

[Event "Famalicao op 3rd"]
[Site "Famalicao"]
[Date "2015.08.06"]
[Round "6"]
[White "Vicente, Joao Vasco Reis"]
[Black "Martins, Goncalo Faria Olive"]
[Result "1-0"]
[WhiteElo "2102"]
[BlackElo "1567"]
[PlyCount "73"]
[EventDate "2015.08.02"]
[EventType "swiss"]
[EventRounds "7"]
[EventCountry "POR"]
[SourceTitle "CBM 167 Extra"]
[Source "ChessBase"]
[SourceDate "2015.09.14"]
[SourceVersion "1"]
[SourceVersionDate "2015.09.14"]
[SourceQuality "1"]

1. d4 Nf6 2. c4 g6 3. Nc3 Bg7 4. e4 d6 5. Nf3 0-0 6. Be2 e5 7. 0-0 Nc6 8. d5 Ne7 9. b4 Nh5 10. g3 f5 11. Ng5 Nf6 12. f3 h6 13. Ne6 Bxe6 14. dxe6 Nc6 15. Nd5 fxe4 16. fxe4 Nxd5 17. cxd5 Nxb4 18. Rb1 a5 19. Bd2 Na6 20. Bxa6 bxa6 21. Bxa5 Qg5 22. Qd2 Qe7 23. Rxf8+ Rxf8 24. Rf1 Rxf1+ 25. Kxf1 Kf8 26. Qc1 Qf6+ 27. Kg2 g5 28. Qxc7 Qe7 29. Qb8+ Qe8 30. Qxd6+ Kg8 31. Qd8 Qxd8 32. Bxd8 Kf8 33. d6 Ke8 34. Bc7 Bf6 35. d7+ Kf8 36. Bd6+ Kg7 37. e7 1-0

[Event "POR-chT3 final"]
[Site "Matosinhos"]
[Date "2013.08.24"]
[Round "2.1"]
[White "Fernandes, Antonio ETG"]
[Black "Vicente, Joao Vasco Reis"]
[Result "1/2-1/2"]
[WhiteElo "2390"]
[BlackElo "2055"]
[PlyCount "35"]
[EventDate "2013.08.23"]
[EventType "team-swiss"]
[EventRounds "3"]
[EventCountry "POR"]
[SourceTitle "EXT 2015"]
[Source "ChessBase"]
[SourceDate "2014.11.20"]
[SourceVersion "1"]
[SourceVersionDate "2014.11.20"]
[SourceQuality "1"]
[WhiteTeam "Benfica"]
[BlackTeam "Pedro Hispano"]
[WhiteTeamCountry "POR"]
[BlackTeamCountry "POR"]

1. d4 Nf6 2. Bg5 g6 3. Bxf6 exf6 4. e3 Bg7 5. Ne2 0-0 6. Nf4 f5 7. h4 h6 8. Nd2 Re8 9. Nf3 d5 10. c4 c5 11. cxd5 cxd4 12. Nxd4 Qb6 13. Be2 Re4 14. Rc1 Bd7 15. Nb3 Bxb2 16. Rc2 Ba3 17. Bd3 Bb4+ 18. Kf1 1/2-1/2

[Event "Wch U16"]
[Site "Maribor"]
[Date "2012.11.17"]
[Round "10.23"]
[White "Cuellar, Diego"]
[Black "Vicente, Joao Vasco Reis"]
[Result "1-0"]
[WhiteElo "2237"]
[BlackElo "2042"]
[PlyCount "93"]
[EventDate "2012.11.08"]
[EventType "swiss"]
[EventRounds "11"]
[EventCountry "SLO"]
[SourceTitle "EXT 2013"]
[Source "ChessBase"]
[SourceDate "2012.11.22"]
[SourceVersion "1"]
[SourceVersionDate "2012.11.22"]
[SourceQuality "1"]

1. e4 c5 2. Nc3 Nc6 3. f4 g6 4. Nf3 Bg7 5. Bb5 Nd4 6. Nxd4 cxd4 7. Ne2 e6 8. 0-0 Ne7 9. Ng3 a6 10. Ba4 b5 11. Bb3 d5 12. f5 exf5 13. exf5 Nxf5 14. Qf3 0-0 15. d3 Nxg3 16. Qxg3 Be6 17. Bf4 f6 18. Bc7 Qd7 19. Bb6 f5 20. Qf4 Rfe8 21. a4 Bf6 22. Bxd4 g5 23. Qf2 Qg7 24. Bxf6 Qxf6 25. axb5 axb5 26. Rxa8 Rxa8 27. Qb6 Qe5 28. Qxb5 f4 29. Qc5 g4 30. Qf2 Rf8 31. Re1 Qd6 32. Qd4 Rf5 33. Ra1 Re5 34. Rf1 Rf5 35. g3 h5 36. Rxf4 Re5 37. Kf1 h4 38. gxh4 g3 39. hxg3 Bh3+ 40. Kg1 Qe6 41. Re4 Rxe4 42. dxe4 Qa6 43. Qxd5+ Kg7 44. Qg8+ Kh6 45. Qh8+ Kg6 46. h5+ Kg5 47. Qg7+ 1-0

[Event "POR-ch U16"]
[Site "Torres Vedras"]
[Date "2012.03.28"]
[Round "5.1"]
[White "Martins, David Pires Tavares"]
[Black "Vicente, Joao Vasco Reis"]
[Result "0-1"]
[WhiteElo "2078"]
[BlackElo "1994"]
[PlyCount "130"]
[EventDate "2012.03.25"]
[EventType "swiss"]
[EventRounds "7"]
[EventCountry "POR"]
[SourceTitle "EXT 2015"]
[Source "ChessBase"]
[SourceDate "2014.11.20"]
[SourceVersion "1"]
[SourceVersionDate "2014.11.20"]
[SourceQuality "1"]

1. e4 c5 2. Nf3 Nc6 3. d4 cxd4 4. Nxd4 g6 5. Nc3 Bg7 6. Be3 Nf6 7. Bc4 0-0 8. Bb3 a5 9. 0-0 d6 10. Ndb5 Bd7 11. f3 Ne5 12. Qe2 Bc6 13. a4 Ned7 14. Rad1 Qc8 15. Kh1 b6 16. Bd4 Ne8 17. Bd5 Bxd4 18. Nxd4 Bb7 19. Bxb7 Qxb7 20. Nd5 e6 21. Ne3 Nc5 22. b3 Rd8 23. Rd2 Nc7 24. Nb5 Qc6 25. Nxc7 Qxc7 26. Qb5 Rb8 27. Rfd1 Rfd8 28. h3 Qe7 29. Qc6 Qg5 30. Nc4 Rdc8 31. Qxd6 Rd8 32. Qxd8+ Rxd8 33. Rxd8+ Kg7 34. R8d6 Qg3 35. Nxb6 e5 36. Nd7 Ne6 37. c4 Nf4 38. R6d2 Nh5 39. Nb6 Nf4 40. Rf1 Qg5 41. Rc2 Nh5 42. Rd1 Ng3+ 43. Kh2 Nh5 44. Nd5 Qg3+ 45. Kh1 f5 46. Re2 fxe4 47. Rxe4 Qf2 48. Ree1 Ng3+ 49. Kh2 Nf5 50. Nc3 Nh4 51. Re2 Nxf3+ 52. Kh1 Qg3 53. gxf3 Qxf3+ 54. Kh2 Qxc3 55. Rdd2 Qxb3 56. Rc2 Qxa4 57. c5 Qc6 58. Kg1 Kf6 59. Kf2 a4 60. Re3 e4 61. Ke1 Ke5 62. Rc4 Kf4 63. Ra3 Qd5 64. Raxa4 Kf3 65. c6 Qd3 0-1

[Event "Mondariz op 9th"]
[Site "Mondariz Balneario"]
[Date "2011.08.23"]
[Round "2.2"]
[White "Vicente, Joao Vasco Reis"]
[Black "Leiros Vila, Avelino"]
[Result "1-0"]
[WhiteElo "1957"]
[BlackElo "2189"]
[PlyCount "63"]
[EventDate "2011.08.22"]
[EventType "swiss"]
[EventRounds "7"]
[EventCountry "ESP"]
[SourceTitle "EXT 2024"]
[Source "ChessBase"]
[SourceDate "2023.10.10"]
[SourceVersion "1"]
[SourceVersionDate "2023.10.10"]
[SourceQuality "1"]

1. e4 c5 2. Nf3 Nc6 3. Bb5 Nf6 4. d3 a6 5. Bxc6 dxc6 6. h3 g6 7. 0-0 Bg7 8. Nc3 0-0 9. Be3 b6 10. Qd2 Re8 11. Bh6 Bh8 12. Nh2 e5 13. f4 exf4 14. Qxf4 Be6 15. Bg5 Qd4+ 16. Kh1 Nh5 17. Qh4 Be5 18. Rf3 Qd6 19. g4 Ng7 20. Bf6 Bd7 21. Raf1 Bxf6 22. Rxf6 Be6 23. Qh6 Qe5 24. R1f4 Bf5 25. Rxc6 Ne6 26. Rf1 Nd4 27. gxf5 gxf5 28. Nd5 Re6 29. Rxe6 fxe6 30. Rg1+ Kh8 31. Nf6 Qc7 32. Nxh7 1-0

[Event "POR-ch U16"]
[Site "Torres Vedras"]
[Date "2011.04.13"]
[Round "7"]
[White "Andias, Joao Pedro Menezes"]
[Black "Vicente, Joao Vasco Reis"]
[Result "0-1"]
[WhiteElo "1916"]
[BlackElo "1905"]
[PlyCount "85"]
[EventDate "2011.03.28"]
[EventType "swiss"]
[EventRounds "7"]
[EventCountry "POR"]
[SourceTitle "EXT 2015"]
[Source "ChessBase"]
[SourceDate "2014.11.20"]
[SourceVersion "1"]
[SourceVersionDate "2014.11.20"]
[SourceQuality "1"]

1. e4 c5 2. Nf3 g6 3. d4 cxd4 4. Qxd4 Nf6 5. e5 Nc6 6. Qa4 Nd5 7. Qe4 Ndb4 8. Bb5 Qa5 9. Nc3 d5 10. exd6 Bf5 11. Qe5 0-0-0 12. Qxh8 Nxc2+ 13. Ke2 Nxa1 14. Rd1 exd6 15. Qxh7 d5 16. Qxf7 d4 17. Bxc6 bxc6 18. Qc4 d3+ 19. Kf1 Nc2 20. Qxc6+ Qc7 21. Qxc7+ Kxc7 22. a3 Bg7 23. Bf4+ Kb6 24. Be5 Bh6 25. h3 Rf8 26. Nd2 Re8 27. Bf4 Bg7 28. Nc4+ Kc5 29. Nd6 Rf8 30. Ndb5 Kc4 31. b3+ Kxb3 32. Rb1+ Kc4 33. Nd1 Bd7 34. Nd6+ Kd5 35. Bg3 Be5 36. Bxe5 Kxe5 37. Nc4+ Kd4 38. Nde3 Be6 39. Rd1 Kc3 40. Rc1 Bxc4 41. Nxc4 Kxc4 42. g4 Kc3 43. Rd1 0-1

[Event "Figueira da Foz op 7th"]
[Site "Figueira da Foz"]
[Date "2010.11.01"]
[Round "2.15"]
[White "Marques, Rui Filipe Pereira"]
[Black "Vicente, Joao Vasco Reis"]
[Result "1/2-1/2"]
[WhiteElo "2119"]
[BlackElo "1839"]
[PlyCount "119"]
[EventDate "2010.10.31"]
[EventType "swiss"]
[EventRounds "9"]
[EventCountry "POR"]
[SourceTitle "EXT 2011"]
[Source "ChessBase"]
[SourceDate "2010.11.26"]
[SourceVersion "1"]
[SourceVersionDate "2010.11.26"]
[SourceQuality "1"]

1. e4 c5 2. d4 cxd4 3. c3 d3 4. Bxd3 Nc6 5. Nf3 g6 6. c4 Bg7 7. 0-0 Nf6 8. Nc3 0-0 9. h3 d6 10. Be3 Nd7 11. Rc1 Nc5 12. Bb1 Be6 13. b3 h6 14. Nd4 Kh7 15. f4 Nxd4 16. Bxd4 Bxd4+ 17. Qxd4 f6 18. e5 fxe5 19. fxe5 Qb6 20. Nd5 Bxd5 21. Qxd5 Nd3+ 22. c5 dxc5 23. Rf7+ Kh8 24. Rcf1 Rxf7 25. Rxf7 c4+ 26. Kh2 Qe3 27. Bxd3 cxd3 28. Rf3 Qe2 29. e6 Qb2 30. Rxd3 Rf8 31. Qd4+ Qxd4 32. Rxd4 Kg7 33. Rd7 Kf6 34. Rxb7 Ra8 35. Kg3 Kxe6 36. Kf4 Kd6 37. Ke4 Ke6 38. a4 a6 39. Rb6+ Kf7 40. Ke5 a5 41. Rb5 Ra6 42. g4 Ra8 43. h4 Ra6 44. h5 gxh5 45. gxh5 Kg7 46. Kd5 Kf6 47. Kd4 e6 48. Ke4 Ra8 49. Ke3 Ra6 50. Kd4 Ra8 51. Ke4 Ra6 52. Kf3 Ra8 53. Kf4 Ra7 54. Rb8 Rd7 55. Ke4 Rg7 56. Rf8+ Ke7 57. Rh8 Rg3 58. Rxh6 Rxb3 59. Ke5 Re3+ 60. Kd4 1/2-1/2

[Event "Wch U14"]
[Site "Kemer"]
[Date "2009.11.20"]
[Round "9"]
[White "Grandadam, Patrick"]
[Black "Vicente, Joao Vasco Reis"]
[Result "1/2-1/2"]
[WhiteElo "2133"]
[BlackElo "1736"]
[PlyCount "46"]
[EventDate "2009.11.12"]
[EventType "swiss"]
[EventRounds "11"]
[EventCountry "TUR"]
[SourceTitle "EXT 2010"]
[Source "ChessBase"]
[SourceDate "2010.11.25"]
[SourceVersion "1"]
[SourceVersionDate "2010.11.25"]
[SourceQuality "1"]

1. Nf3 Nf6 2. c4 g6 3. Nc3 Bg7 4. e4 d6 5. d4 0-0 6. Be2 e5 7. 0-0 Nc6 8. d5 Ne7 9. Ne1 Nd7 10. f3 f5 11. g4 Kh8 12. h4 Ng8 13. g5 f4 14. Kg2 h6 15. Rh1 a5 16. Nd3 Nc5 17. Qg1 Nxd3 18. Bxd3 h5 19. Kf1 b6 20. Ke2 Bd7 21. Bd2 Qb8 22. Be1 Qb7 23. Bf2 Rfb8 1/2-1/2

[Event "Wch U14"]
[Site "Kemer"]
[Date "2009.11.16"]
[Round "6"]
[White "Vicente, Joao Vasco Reis"]
[Black "Aripov, Iskandar"]
[Result "0-1"]
[WhiteElo "1736"]
[BlackElo "2040"]
[PlyCount "61"]
[EventDate "2009.11.12"]
[EventType "swiss"]
[EventRounds "11"]
[EventCountry "TUR"]
[SourceTitle "EXT 2010"]
[Source "ChessBase"]
[SourceDate "2010.11.25"]
[SourceVersion "1"]
[SourceVersionDate "2010.11.25"]
[SourceQuality "1"]

1. e4 c5 2. Nf3 Nc6 3. Bb5 g6 4. Bxc6 bxc6 5. 0-0 Bg7 6. Re1 e5 7. d3 Ne7 8. Bg5 h6 9. Be3 d6 10. h3 Rb8 11. b3 0-0 12. Nbd2 f5 13. Nc4 g5 14. exf5 Bxf5 15. Rb1 Nd5 16. Rc1 Rb7 17. Qd2 Nf4 18. Qa5 Qf6 19. Nxd6 Qxd6 20. Bxc5 Qd5 21. c4 Qd8 22. Qa6 Rff7 23. Nxe5 Bxe5 24. Rxe5 Nxd3 25. Ree1 Nxe1 26. Rxe1 Qf6 27. Qa5 Rbd7 28. Bb4 Bc2 29. Re8+ Kh7 30. Qe5 Rd1+ 31. Be1 0-1

[Event "Wch U14"]
[Site "Kemer"]
[Date "2009.11.13"]
[Round "3"]
[White "Laurusas, Tomas"]
[Black "Vicente, Joao Vasco Reis"]
[Result "1-0"]
[WhiteElo "2242"]
[BlackElo "1736"]
[PlyCount "67"]
[EventDate "2009.11.12"]
[EventType "swiss"]
[EventRounds "11"]
[EventCountry "TUR"]
[SourceTitle "EXT 2010"]
[Source "ChessBase"]
[SourceDate "2010.11.25"]
[SourceVersion "1"]
[SourceVersionDate "2010.11.25"]
[SourceQuality "1"]

1. d4 Nf6 2. c4 g6 3. Nc3 Bg7 4. e4 d6 5. Be2 0-0 6. Nf3 e5 7. Be3 Nc6 8. d5 Ne7 9. Nd2 Nd7 10. b4 f5 11. f3 a5 12. a3 b6 13. Nb3 Kh8 14. c5 bxc5 15. Nxa5 cxb4 16. axb4 Nb6 17. 0-0 f4 18. Bf2 Ng8 19. Qd2 Qg5 20. g4 Qf6 21. Nb5 h5 22. Nxc7 Rb8 23. h3 hxg4 24. hxg4 Rf7 25. Nc6 Bf8 26. Nxb8 Qg5 27. Ne6 Bxe6 28. dxe6 Rh7 29. Kg2 Nf6 30. Qd1 d5 31. Rh1 dxe4 32. Rxh7+ Nxh7 33. Bxb6 e3 34. Bd8 1-0

[Event "Wch U14"]
[Site "Kemer"]
[Date "2009.11.12"]
[Round "1"]
[White "Friedrich, Wiede"]
[Black "Vicente, Joao Vasco Reis"]
[Result "1/2-1/2"]
[WhiteElo "2114"]
[BlackElo "1736"]
[PlyCount "65"]
[EventDate "2009.11.12"]
[EventType "swiss"]
[EventRounds "11"]
[EventCountry "TUR"]
[SourceTitle "EXT 2010"]
[Source "ChessBase"]
[SourceDate "2010.11.25"]
[SourceVersion "1"]
[SourceVersionDate "2010.11.25"]
[SourceQuality "1"]

1. e4 e5 2. Nf3 g6 3. d4 exd4 4. Nxd4 Bg7 5. Nc3 Nc6 6. Be3 Nf6 7. f3 0-0 8. Qd2 d5 9. 0-0-0 dxe4 10. Nxc6 Qxd2+ 11. Rxd2 bxc6 12. Nxe4 Nd5 13. Bg5 f6 14. c4 fxg5 15. cxd5 cxd5 16. Rxd5 Be6 17. Ra5 g4 18. fxg4 Rf4 19. Bd3 Rd8 20. Bc2 Rc8 21. Re1 Rxg4 22. g3 Bf5 23. Ra4 Bxe4 24. Raxe4 Rxe4 25. Rxe4 Bf6 26. Kd2 Bg5+ 27. Kd3 Rd8+ 28. Kc3 Bf6+ 29. Kb3 Rb8+ 30. Rb4 Rxb4+ 31. Kxb4 Bxb2 32. Kc4 Kg7 33. Kd5 1/2-1/2

[Event "EU Union-ch U14 7th"]
[Site "Mureck"]
[Date "2009.08.13"]
[Round "9"]
[White "Vicente, Joao Vasco Reis"]
[Black "Gelip, Ioana"]
[Result "0-1"]
[WhiteElo "1744"]
[BlackElo "1759"]
[PlyCount "122"]
[EventDate "2009.08.05"]
[EventType "swiss"]
[EventRounds "9"]
[EventCountry "AUT"]
[SourceTitle "CBM 132 Extra"]
[Source "ChessBase"]
[SourceDate "2009.11.03"]
[SourceVersion "1"]
[SourceVersionDate "2009.11.03"]
[SourceQuality "1"]

1. c4 e5 2. g3 g6 3. Bg2 Bg7 4. Nc3 Nc6 5. Nf3 d6 6. 0-0 Nge7 7. d3 0-0 8. Rb1 f5 9. Bd2 Nd4 10. b4 c6 11. e3 Nxf3+ 12. Bxf3 Be6 13. Bg2 d5 14. cxd5 cxd5 15. Ne2 Qb6 16. Qa4 a6 17. Rfc1 e4 18. d4 g5 19. Qa5 Qb5 20. Qxb5 axb5 21. Rb2 Nc8 22. Rc5 Nd6 23. Nc3 Nc4 24. Rc2 Rfc8 25. Nxb5 Nxd2 26. Rxd2 Bf8 27. Rxc8 Rxc8 28. h3 Bd7 29. Bf1 Rc1 30. Na7 Bd6 31. Kg2 Bb8 32. Nb5 Rxf1 33. Kxf1 Bxb5+ 34. Kg2 Bd6 35. a3 Kf7 36. Ra2 Bc4 37. Ra1 Ke7 38. a4 Kd7 39. f3 Bd3 40. Ra2 f4 41. exf4 gxf4 42. gxf4 e3 43. Rb2 e2 44. Kf2 Bxf4 45. Rxe2 Bxe2 46. Kxe2 Bd6 47. b5 Bb4 48. Ke3 Ke6 49. Kf4 Bc3 50. Ke3 Kf5 51. Kd3 Ba5 52. Ke3 Bd8 53. Ke2 Kf4 54. Kf2 Bb6 55. Ke2 Bxd4 56. a5 Bc3 57. a6 bxa6 58. bxa6 Bd4 59. Kd3 Ba7 60. Ke2 d4 61. h4 h5 0-1

[Event "EU Union-ch U14 7th"]
[Site "Mureck"]
[Date "2009.08.12"]
[Round "8"]
[White "Menezes, Christoph"]
[Black "Vicente, Joao Vasco Reis"]
[Result "1/2-1/2"]
[WhiteElo "1797"]
[BlackElo "1744"]
[PlyCount "63"]
[EventDate "2009.08.05"]
[EventType "swiss"]
[EventRounds "9"]
[EventCountry "AUT"]
[SourceTitle "CBM 132 Extra"]
[Source "ChessBase"]
[SourceDate "2009.11.03"]
[SourceVersion "1"]
[SourceVersionDate "2009.11.03"]
[SourceQuality "1"]

1. d4 Nf6 2. c4 g6 3. Nc3 Bg7 4. e4 d6 5. Nf3 0-0 6. Be2 e5 7. 0-0 Nbd7 8. d5 Nc5 9. Qc2 a5 10. Ne1 Ne8 11. Be3 f5 12. f3 f4 13. Bf2 g5 14. Nd3 b6 15. a3 h5 16. b4 Nxd3 17. Bxd3 g4 18. Kh1 Qg5 19. c5 bxc5 20. bxc5 Rf6 21. cxd6 cxd6 22. Rfb1 Rg6 23. Bg1 gxf3 24. gxf3 Bh3 25. Ra2 Rc8 26. Ba7 Rxc3 27. Qxc3 Bg2+ 28. Kg1 Bh3+ 29. Kh1 Bg2+ 30. Kg1 Bh3+ 31. Kh1 Bg2+ 32. Kg1 1/2-1/2

[Event "Coimbra-ch U12"]
[Site "Coimbra"]
[Date "2006.02.28"]
[Round "5"]
[White "Vicente, Joao Vasco Reis"]
[Black "Melo, Henrique"]
[Result "1-0"]
[WhiteElo "1165"]
[BlackElo "1282"]
[PlyCount "53"]
[EventDate "2006.02.25"]
[EventType "swiss"]
[EventRounds "6"]
[EventCountry "POR"]
[SourceTitle "EXT 2008"]
[Source "ChessBase"]
[SourceDate "2007.11.25"]
[SourceVersion "1"]
[SourceVersionDate "2007.11.25"]
[SourceQuality "1"]

1. e4 e5 2. Nf3 Nc6 3. Bb5 a6 4. Bxc6 dxc6 5. Nc3 Nf6 6. d3 Bc5 7. 0-0 0-0 8. Nxe5 Bd6 9. Nf3 Bc5 10. d4 Bb4 11. Bg5 h6 12. Bh4 Bxc3 13. bxc3 Bg4 14. e5 Ne4 15. Bxd8 Raxd8 16. Qd3 f5 17. exf6 Rb8 18. fxg7 Kxg7 19. Ne1 Nd6 20. Qg3 h5 21. f3 h4 22. Qxg4+ Kf6 23. Qxh4+ Ke6 24. Nd3 Nf5 25. Qf2 Rf7 26. Rfe1+ Kd5 27. Re5+ 1-0

[Event "Coimbra-ch U12"]
[Site "Coimbra"]
[Date "2006.02.25"]
[Round "1"]
[White "Vicente, Joao Vasco Reis"]
[Black "Ferreira, Rui Antonio Goncalv"]
[Result "1-0"]
[WhiteElo "1158"]
[BlackElo "1783"]
[PlyCount "29"]
[EventDate "2006.02.25"]
[EventType "swiss"]
[EventRounds "6"]
[EventCountry "POR"]
[SourceTitle "EXT 2008"]
[Source "ChessBase"]
[SourceDate "2007.11.25"]
[SourceVersion "1"]
[SourceVersionDate "2007.11.25"]
[SourceQuality "1"]

1. e4 e5 2. Nf3 Nc6 3. Bb5 a6 4. Ba4 Nf6 5. d3 Be7 6. Bg5 h6 7. Bh4 0-0 8. Nc3 g6 9. Qd2 g5 10. Bg3 g4 11. Nh4 b5 12. Qxh6 Re8 13. Nf5 Bf8 14. Qg5+ Bg7 15. Qxg7# 1-0